[Event "FIDE World Uni Rapid-B 1st"]
[Site "Tornelo INT"]
[Date "2021.03.21"]
[Round "9"]
[White "Sathma, Devni"]
[Black "Martinez Mesa, Chaneli"]
[Result "1-0"]
[WhiteElo "1299"]
[BlackElo "1763"]
[PlyCount "85"]
[EventDate "2021.03.20"]
[EventType "swiss (rapid)"]
[EventRounds "12"]
[EventCountry "NET"]
[SourceTitle "CBM 201 Extra"]
[Source "ChessBase"]
[SourceDate "2021.05.31"]
[SourceVersion "1"]
[SourceVersionDate "2021.05.31"]
[SourceQuality "1"]

1. c4 f5 2. Nc3 Nf6 3. g3 g6 4. Bg2 Bg7 5. e3 d6 6. d4 0-0 7. Nge2 c6 8. b3 e5 9. d5 cxd5 10. Nxd5 Be6 11. Ba3 e4 12. Nxf6+ Bxf6 13. Rc1 Qa5+ 14. Nc3 Qxa3 15. 0-0 a6 16. Nd5 Bg7 17. Nc7 Nc6 18. Nxe6 Bb2 19. Nxf8 Bxc1 20. Nxh7 Kxh7 21. Qxc1 Qxa2 22. Qc3 Ne5 23. Rd1 Nd3 24. Rd2 Qb1+ 25. Bf1 Rd8 26. Kg2 Ne1+ 27. Kh1 Nf3 28. Kg2 Nxd2 29. Qxd2 Qxb3 30. c5 d5 31. Qa5 Rd7 32. Qa1 Qc2 33. Qe5 Qxc5 34. Qe6 Rc7 35. Qf6 a5 36. Qh4+ Kg7 37. Qf4 Qc3 38. Be2 a4 39. Bb5 Qe1 40. Qxc7+ Kh6 41. Be8 Qe2 42. Qf4+ Kg7 43. Bxa4 1-0

[Event "FIDE World Uni Rapid-B 1st"]
[Site "Tornelo INT"]
[Date "2021.03.20"]
[Round "3"]
[White "Sathma, Devni"]
[Black "Vardanyan, Aram"]
[Result "0-1"]
[WhiteElo "1299"]
[BlackElo "2025"]
[PlyCount "110"]
[EventDate "2021.03.20"]
[EventType "swiss (rapid)"]
[EventRounds "12"]
[EventCountry "NET"]
[SourceTitle "CBM 201 Extra"]
[Source "ChessBase"]
[SourceDate "2021.05.31"]
[SourceVersion "1"]
[SourceVersionDate "2021.05.31"]
[SourceQuality "1"]

1. c4 Nf6 2. Nc3 g6 3. g3 c6 4. Bg2 d5 5. cxd5 cxd5 6. d4 Bg7 7. Nf3 0-0 8. 0-0 Ne4 9. Nxe4 dxe4 10. Nd2 Qxd4 11. Nxe4 Nc6 12. Qb3 Bf5 13. Rd1 Qb4 14. Qxb4 Nxb4 15. Nc5 Nc2 16. Rb1 Rac8 17. Nxb7 Ne1 18. e4 Nxg2 19. exf5 gxf5 20. Kxg2 Rc2 21. Na5 Rb8 22. Nb3 Bf6 23. Bf4 e5 24. Bh6 e4 25. Bf4 Rb5 26. Rd2 Rc8 27. Rd6 Kg7 28. Be3 Be5 29. Bd4 Rc2 30. Bxe5+ Rxe5 31. Rd2 Rc7 32. Rbd1 a5 33. Rd5 Kf6 34. Rd6+ Ke7 35. R6d5 Kf6 36. Rxe5 Kxe5 37. Rc1 Rd7 38. Rc5+ Kf6 39. Rxa5 Rd1 40. Ra6+ Kg5 41. Nc5 Rd2 42. b3 e3 43. Ra7 Rxf2+ 44. Kh3 Kf6 45. Nd3 Rf1 46. Ra5 Rd1 47. Nf4 Rd2 48. Ra8 Ke5 49. Re8+ Kd4 50. a4 Rb2 51. Rb8 Ke4 52. Re8+ Kf3 53. a5 Rxb3 54. a6 Ra3 55. Ra8 e2 0-1

[Event "SRI-ch (Women)"]
[Site "Colombo"]
[Date "2013.09.29"]
[Round "5"]
[White "Mendis, Dasuni Hansika"]
[Black "Sathma, Devni"]
[Result "1-0"]
[WhiteElo "1533"]
[BlackElo "1451"]
[PlyCount "145"]
[EventDate "2013.09.27"]
[EventType "tourn"]
[EventRounds "13"]
[EventCountry "SRI"]
[SourceTitle "CBM 156 Extra"]
[Source "ChessBase"]
[SourceDate "2013.10.22"]
[SourceVersion "1"]
[SourceVersionDate "2013.10.22"]
[SourceQuality "1"]

1. d4 d5 2. c4 c6 3. Nc3 Nf6 4. Nf3 e6 5. Bf4 Bd6 6. Bxd6 Qxd6 7. e3 0-0 8. Qc2 Nbd7 9. Bd3 dxc4 10. Bxc4 b5 11. Bd3 a6 12. Ne4 Qb4+ 13. Nfd2 Bb7 14. a3 Qe7 15. 0-0 Rfd8 16. Nb3 e5 17. dxe5 Qxe5 18. Na5 Qc7 19. Nxb7 Qxb7 20. Rac1 c5 21. Nxf6+ Nxf6 22. Be2 Rac8 23. Rfd1 c4 24. Bf3 Qe7 25. Qc3 Rxd1+ 26. Rxd1 Qc7 27. h3 Re8 28. Qd4 a5 29. Qd6 Qxd6 30. Rxd6 h6 31. Ra6 a4 32. Rb6 Rc8 33. Bc6 b4 34. Bxa4 bxa3 35. bxa3 Ra8 36. Bc2 Kf8 37. a4 Nd5 38. Rb5 Nc3 39. Rb4 Rc8 40. a5 Nd5 41. Rb1 c3 42. Rb5 Ne7 43. a6 Ra8 44. a7 Nc6 45. Rc5 Nxa7 46. Rxc3 Rc8 47. Rxc8+ Nxc8 48. Kf1 Ke7 49. Ke2 Nd6 50. Bd3 Kf6 51. Kf3 Kg5 52. g3 Kf6 53. Kf4 Ke6 54. e4 f6 55. Ke3 Ke5 56. f4+ Ke6 57. Kd4 Ne8 58. Bc4+ Kd6 59. e5+ fxe5+ 60. fxe5+ Ke7 61. Ke4 g6 62. h4 Ng7 63. g4 Ke8 64. Kf4 Ke7 65. Bd5 Kd7 66. Bf7 Ne6+ 67. Bxe6+ Kxe6 68. Ke4 Ke7 69. Kd5 Kd7 70. e6+ Ke7 71. Ke5 Ke8 72. Kf6 g5 73. Kf5 1-0